000
00294nam a22001337a 4500
008
170718b xxu||||| |||| 00| 0 eng d
020
_a
9781400041237
041
_a
eng
080
_a
821
100
_a
22
101
_a
GJL
245
_a
AMERICAN WOMEN WRITERS
_c
SHOWALTER, E
942
_2
udc
_c
BK
999
_c
21444
_d
21444